ARRUPE JESUIT UNIVERSITY

CORONAVIRUS -STOP THE SPREAD - CLEAN,DISINFECT,COVER

To the river's end (Record no. 120102)

MARC details
000 -LEADER
fixed length control field 00380nam a22001337a 4500
005 - DATE AND TIME OF LATEST TRANSACTION
control field 20140219143154.0
008 - FIXED-LENGTH DATA ELEMENTS--GENERAL INFORMATION
fixed length control field 140219b xxu||||| |||| 00| 0 eng d
050 ## - LIBRARY OF CONGRESS CALL NUMBER
Classification number SPC DT1734.
Item number G796
100 ## - MAIN ENTRY--PERSONAL NAME
Personal name Green, Lawrence G.
9 (RLIN) 8780
245 ## - TITLE STATEMENT
Title To the river's end
Statement of responsibility, etc Green, Lawrence G.
260 ## - PUBLICATION, DISTRIBUTION, ETC. (IMPRINT)
Place of publication, distribution, etc Cape Town
Name of publisher, distributor, etc Howard Timmins
Date of publication, distribution, etc 1948
300 ## - PHYSICAL DESCRIPTION
Extent 208p.;
Dimensions 22cm.
942 ## - ADDED ENTRY ELEMENTS (KOHA)
Source of classification or shelving scheme Library of Congress Classification
Item type Monograph ( Printed materials)
Holdings
Withdrawn status Lost status Source of classification or shelving scheme Damaged status Not for loan Collection code Home library Current library Shelving location Date acquired Total Checkouts Full call number Barcode Date last seen Price effective from Koha item type
    Library of Congress Classification     SPECIAL Collection ARRUPE LIBRARY ARRUPE LIBRARY Main Collection 19/02/2014   SPC DT1734. G796 46500002264 19/02/2014 19/02/2014 Monograph ( Printed materials)

 

Arrupe Library. PO Box MP320 Mt Pleasant, Harare, Zimbabwe
263 242 745411|librarian@aju.ac.zw